[Event "Titled Tuesday intern op 06th May Early"]
[Site "Chess.com INT"]
[Date "2025.05.06"]
[Round "1"]
[White "Rossi, Maximiliano"]
[Black "Tran, Vo Quoc Bao"]
[Result "0-1"]
[WhiteElo "2013"]
[BlackElo "2096"]
[PlyCount "28"]
[EventDate "2025.05.06"]
[EventType "swiss (blitz)"]
[EventRounds "11"]
[EventCountry "USA"]
[SourceTitle "CB20_2025"]
[SourceDate "2025.05.14"]
[SourceVersion "1"]
[SourceVersionDate "2025.05.14"]
[SourceQuality "1"]

1. e4 c5 2. Nf3 d6 3. d4 Nf6 4. Nc3 cxd4 5. Nxd4 g6 6. Be2 Bg7 7. 0-0 0-0 8. Be3 Nc6 9. Nb3 Bd7 10. Kh1 Rc8 11. f4 Na5 12. Nxa5 Qxa5 13. Bd3 Ng4 14. Bd2 Qh5 0-1

[Event "Titled Tuesday intern op 06th May Early"]
[Site "Chess.com INT"]
[Date "2025.05.06"]
[Round "10"]
[White "Tran, Vo Quoc Bao"]
[Black "Vetoshko, Volodymyr"]
[Result "1/2-1/2"]
[WhiteElo "2096"]
[BlackElo "2517"]
[PlyCount "49"]
[EventDate "2025.05.06"]
[EventType "swiss (blitz)"]
[EventRounds "11"]
[EventCountry "USA"]
[SourceTitle "CB20_2025"]
[SourceDate "2025.05.14"]
[SourceVersion "1"]
[SourceVersionDate "2025.05.14"]
[SourceQuality "1"]

1. e4 c6 2. d4 d5 3. e5 c5 4. dxc5 e6 5. Be3 Ne7 6. c3 Nf5 7. Bd4 Nc6 8. Nf3 b6 9. Bb5 Bd7 10. Qa4 Qc8 11. cxb6 axb6 12. Qb3 Ncxd4 13. Nxd4 Nxd4 14. Bxd7+ Kxd7 15. cxd4 Qc1+ 16. Ke2 Qxh1 17. Qxb6 Rc8 18. Qb7+ Rc7 19. Qb5+ Kd8 20. Qb8+ Rc8 21. Qb6+ Kd7 22. Qb7+ Rc7 23. Qb5+ Kd8 24. Qb8+ Kd7 25. Qb5+ 1/2-1/2

[Event "Bangkok op 22nd"]
[Site "Bangkok"]
[Date "2025.04.19"]
[Round "7"]
[White "Tran, Vo Quoc Bao"]
[Black "Bellon Lopez, Juan Manuel"]
[Result "0-1"]
[WhiteElo "2083"]
[BlackElo "2263"]
[PlyCount "80"]
[EventDate "2025.04.13"]
[EventType "swiss"]
[EventRounds "9"]
[EventCountry "THA"]
[SourceTitle "CB17_2025"]
[SourceDate "2025.04.23"]
[SourceVersion "1"]
[SourceVersionDate "2025.04.23"]
[SourceQuality "1"]

1. e4 c5 2. Nf3 e6 3. d4 cxd4 4. Nxd4 a6 5. Bd3 g6 6. 0-0 Bg7 7. Be3 d6 8. Nc3 Nf6 9. Qe2 Qc7 10. Rad1 0-0 11. f4 Nbd7 12. g4 e5 13. Nb3 exf4 14. Bxf4 Ne5 15. h3 b5 16. Bg5 b4 17. Bxf6 bxc3 18. bxc3 Qxc3 19. Qf2 Bxf6 20. Qxf6 Be6 21. Nc1 Rac8 22. Ne2 Qc5+ 23. Kg2 Bxa2 24. Nf4 Nd7 25. Qe7 Rc7 26. Ra1 Ne5 27. Qf6 Nd7 28. Qe7 Ne5 29. Qf6 Bc4 30. Rae1 Nd7 31. Qe7 Ne5 32. Qf6 Nd7 33. Qe7 Qe5 34. Qxe5 Nxe5 35. Rd1 Rb8 36. Kg3 Bxd3 37. cxd3 Rc3 38. Kh4 h6 39. g5 hxg5+ 40. Kxg5 Kg7 0-1

[Event "Bangkok op 22nd"]
[Site "Bangkok"]
[Date "2025.04.18"]
[Round "6"]
[White "Damia, Angelo"]
[Black "Tran, Vo Quoc Bao"]
[Result "1/2-1/2"]
[WhiteElo "2215"]
[BlackElo "2083"]
[PlyCount "167"]
[EventDate "2025.04.13"]
[EventType "swiss"]
[EventRounds "9"]
[EventCountry "THA"]
[SourceTitle "CB17_2025"]
[SourceDate "2025.04.23"]
[SourceVersion "1"]
[SourceVersionDate "2025.04.23"]
[SourceQuality "1"]

1. d4 d5 2. Nc3 Nf6 3. Bf4 e6 4. e3 Bb4 5. Bd3 c5 6. dxc5 Nbd7 7. Nf3 Nxc5 8. 0-0 0-0 9. Be5 b6 10. a3 Nxd3 11. Qxd3 Be7 12. Rfd1 Bb7 13. Ng5 g6 14. e4 Nd7 15. Nf3 Nxe5 16. Nxe5 Qc7 17. Ng4 Qf4 18. Qg3 Qxg3 19. hxg3 f5 20. Ne3 fxe4 21. Nxe4 Ba6 22. Nd2 d4 23. Nec4 Rac8 24. b3 b5 25. Ne5 Rxc2 26. Ndf3 Bb7 27. Rxd4 Bc5 28. Rad1 Bxd4 29. Rxd4 Bd5 30. a4 Bxf3 31. gxf3 bxa4 32. Rxa4 Ra8 33. Rb4 Rcc8 34. Nd7 Rc7 35. Nf6+ Kg7 36. Ne4 h6 37. Rd4 a5 38. Ra4 Rb7 39. Nc5 Rb6 40. Re4 Kf7 41. Re3 Ke7 42. Na4 Rb5 43. Rc3 Ra7 44. Nb2 Rab7 45. Nc4 Rxb3 46. Rxb3 Rxb3 47. Nxa5 Rc3 48. Kf1 Kd7 49. Ke2 Kc7 50. f4 e5 51. fxe5 Kb6 52. Kd2 Rc5 53. Nb3 Rxe5 54. Nd4 Kc5 55. Ne2 Kd6 56. Ke1 Ke6 57. Kf1 Ra5 58. Kg2 g5 59. g4 Ke5 60. f3 Kd5 61. Kf2 Kc4 62. Ke3 Ra8 63. Ng3 Kd5 64. Ne2 Ra3+ 65. Kf2 Kc4 66. Ng3 Kd3 67. Nf5 Ra2+ 68. Kg3 Ra6 69. Kf2 Rb6 70. Kg3 Ke2 71. Nd4+ Kd3 72. Nf5 Rf6 73. Kh3 Ke2 74. Kg3 Rb6 75. Nd4+ Kf1 76. Nf5 Kg1 77. Nxh6 Rxh6 78. f4 gxf4+ 79. Kxf4 Kg2 80. g5 Rh3 81. g6 Rg3 82. Kf5 Kh3 83. Kf6 Kh4 84. g7 1/2-1/2

[Event "Titled Tuesday intern op 01st Apr Early"]
[Site "Chess.com INT"]
[Date "2025.04.01"]
[Round "4"]
[White "Tran, Vo Quoc Bao"]
[Black "Rothuis, Vincent"]
[Result "0-1"]
[WhiteElo "2083"]
[BlackElo "2346"]
[PlyCount "54"]
[EventDate "2025.04.01"]
[EventType "swiss (blitz)"]
[EventRounds "11"]
[EventCountry "USA"]
[SourceTitle "CB15_2025"]
[SourceDate "2025.04.09"]
[SourceVersion "1"]
[SourceVersionDate "2025.04.09"]
[SourceQuality "1"]

1. e4 c5 2. Nf3 d6 3. d4 cxd4 4. Nxd4 Nf6 5. Nc3 a6 6. f3 e5 7. Nb3 Be6 8. Be3 h5 9. Nd5 Nxd5 10. exd5 Bf5 11. Bd3 Bxd3 12. Qxd3 Nd7 13. 0-0-0 Be7 14. Kb1 Rc8 15. h4 Qc7 16. g4 hxg4 17. fxg4 Qc4 18. Qf5 g6 19. Qf3 Rxh4 20. Rxh4 Bxh4 21. c3 Nf6 22. Rh1 Qxg4 23. Qxg4 Nxg4 24. Rxh4 Nxe3 25. Na5 b6 26. Nb7 Kd7 27. Rh7 Rf8 0-1

[Event "Titled Tuesday intern op 25th Mar Early"]
[Site "Chess.com INT"]
[Date "2025.03.25"]
[Round "11"]
[White "Aarav, Sinha"]
[Black "Tran, Vo Quoc Bao"]
[Result "1-0"]
[WhiteElo "2187"]
[BlackElo "2083"]
[PlyCount "125"]
[EventDate "2025.03.25"]
[EventType "swiss (blitz)"]
[EventRounds "11"]
[EventCountry "USA"]
[SourceTitle "CB14_2025"]
[SourceDate "2024.11.01"]
[SourceVersion "1"]
[SourceVersionDate "2024.11.01"]
[SourceQuality "1"]

1. e4 c5 2. Nf3 d6 3. d4 Nf6 4. Nc3 cxd4 5. Nxd4 a6 6. Be3 e5 7. Nf3 Be7 8. Bc4 0-0 9. 0-0 Be6 10. Bb3 b5 11. h3 Nc6 12. Qe2 Rc8 13. Rfd1 b4 14. Nd5 Bxd5 15. Bxd5 Nxd5 16. Rxd5 a5 17. Nd2 Qc7 18. Nc4 a4 19. Nb6 Rb8 20. Nxa4 Rfc8 21. b3 Bf8 22. Rad1 Nd8 23. R1d2 Ne6 24. Qa6 Ra8 25. Qb6 Qc6 26. Qxc6 Rxc6 27. g3 g6 28. h4 f5 29. exf5 gxf5 30. f4 exf4 31. gxf4 Rac8 32. Rg2+ Kh8 33. Rxf5 Rxc2 34. Rf6 Rxg2+ 35. Kxg2 Re8 36. f5 Nc7 37. Bd4 Kg8 38. Bf2 Nb5 39. Re6 Rc8 40. Re2 Kf7 41. Kf3 Rc1 42. h5 Rh1 43. Kg4 Be7 44. Rc2 Rh2 45. Kg3 Rxh5 46. Kg4 Rg5+ 47. Kf4 Rg2 48. Kf3 Rh2 49. Kg3 Rh1 50. Kg2 Rd1 51. Nb6 Rd5 52. Nxd5 Bg5 53. Be3 Bd8 54. Rc8 Bh4 55. Rb8 Na3 56. Rxb4 Be1 57. Ra4 Nc2 58. Kf3 Bh4 59. Ra7+ Kg8 60. f6 Ne1+ 61. Kg4 Bxf6 62. Nxf6+ Kf8 63. Bh6# 1-0

[Event "Titled Tuesday intern op 25th Mar Early"]
[Site "Chess.com INT"]
[Date "2025.03.25"]
[Round "4"]
[White "Murzin, Volodar"]
[Black "Tran, Vo Quoc Bao"]
[Result "1-0"]
[WhiteElo "2658"]
[BlackElo "2083"]
[PlyCount "93"]
[EventDate "2025.03.25"]
[EventType "swiss (blitz)"]
[EventRounds "11"]
[EventCountry "USA"]
[SourceTitle "CB14_2025"]
[SourceDate "2024.11.01"]
[SourceVersion "1"]
[SourceVersionDate "2024.11.01"]
[SourceQuality "1"]

1. e4 c6 2. d4 d5 3. Nc3 dxe4 4. Nxe4 Nd7 5. Nf3 Ngf6 6. Nxf6+ Nxf6 7. c3 Bf5 8. Qb3 Qb6 9. Bf4 e6 10. Nd2 Nd5 11. Bg3 Be7 12. Nc4 Qxb3 13. axb3 h5 14. h4 a6 15. Be2 Nf6 16. Nb6 Rd8 17. Bc7 Ne4 18. Bxd8 Kxd8 19. Nc4 Kc7 20. Bf3 f6 21. Bxe4 Bxe4 22. Ne3 Bg6 23. b4 Re8 24. f3 Bd6 25. Kf2 Bf4 26. Rhe1 Bd3 27. Rad1 Bg6 28. g3 Bh6 29. Re2 Kd7 30. Nc4 Kc7 31. Na5 Bf7 32. Nb3 g6 33. Nc5 Bf8 34. Rde1 Bxc5 35. bxc5 Kd7 36. Ke3 Rh8 37. Kf4 Rg8 38. g4 hxg4 39. fxg4 g5+ 40. hxg5 Rxg5 41. Rh1 Rg7 42. Rh8 Be8 43. Reh2 Bg6 44. Rb8 Kc7 45. Rhh8 Bf7 46. Rhd8 a5 47. Rbc8# 1-0

[Event "Titled Tuesday intern op 25th Mar Early"]
[Site "Chess.com INT"]
[Date "2025.03.25"]
[Round "6"]
[White "Tran, Vo Quoc Bao"]
[Black "Rustemov, Alexander"]
[Result "0-1"]
[WhiteElo "2083"]
[BlackElo "2525"]
[PlyCount "144"]
[EventDate "2025.03.25"]
[EventType "swiss (blitz)"]
[EventRounds "11"]
[EventCountry "USA"]
[SourceTitle "CB14_2025"]
[SourceDate "2024.11.01"]
[SourceVersion "1"]
[SourceVersionDate "2024.11.01"]
[SourceQuality "1"]

1. e4 e6 2. d4 d5 3. Nd2 c5 4. exd5 Qxd5 5. Ngf3 cxd4 6. Bc4 Qd6 7. 0-0 Nf6 8. Nb3 Nc6 9. Nbxd4 Nxd4 10. Qxd4 Qxd4 11. Nxd4 Bd7 12. Bf4 Rc8 13. Bb3 Bc5 14. Rad1 0-0 15. Rfe1 Rfd8 16. h3 b5 17. Nf3 a5 18. a3 Bc6 19. Ne5 Bd5 20. Bxd5 Nxd5 21. Bg3 Bd6 22. c3 Bxe5 23. Rxe5 a4 24. f3 Rc6 25. Bh4 f6 26. Re2 Kf7 27. Bf2 h5 28. Red2 Rc4 29. Kf1 Rdc8 30. Kg1 h4 31. Kf1 g5 32. Kg1 R8c7 33. Kf1 R4c6 34. Kg1 Rd7 35. Kf1 Ke7 36. Kg1 Rc8 37. Kf1 Rcd8 38. Bc5+ Ke8 39. Re1 Nf4 40. Rxd7 Rxd7 41. Be3 Nd3 42. Re2 Kf7 43. Kg1 e5 44. Kf1 Ke6 45. Rd2 e4 46. fxe4 Ke5 47. Bd4+ Kxe4 48. Re2+ Kd5 49. Kg1 Rd6 50. Rd2 Kc4 51. Kf1 Re6 52. g3 hxg3 53. Kg2 f5 54. Kxg3 Rh6 55. Bg7 f4+ 56. Kg2 Rg6 57. Bd4 g4 58. hxg4 Rxg4+ 59. Kf3 Rh4 60. Ke4 Rh3 61. Rg2 Rh5 62. Rg8 Nxb2 63. Kxf4 Kb3 64. Kg4 Rd5 65. Rb8 Nc4 66. Kf4 Kxa3 67. Ke4 Rh5 68. Bg7 Kb3 69. Ra8 a3 70. Kd3 a2 71. Bf8 Rd5+ 72. Ke4 Rd1 0-1

[Event "Titled Tuesday intern op 11th Mar Early"]
[Site "Chess.com INT"]
[Date "2025.03.11"]
[Round "11"]
[White "Gubatayev, Ahmet"]
[Black "Tran, Vo Quoc Bao"]
[Result "1/2-1/2"]
[WhiteElo "2160"]
[BlackElo "2083"]
[PlyCount "91"]
[EventDate "2025.03.11"]
[EventType "swiss (blitz)"]
[EventRounds "11"]
[EventCountry "USA"]
[SourceTitle "CB12_2025"]
[SourceDate "2025.03.19"]
[SourceVersion "1"]
[SourceVersionDate "2025.03.19"]
[SourceQuality "1"]

1. d4 Nf6 2. Nf3 b6 3. g3 Bb7 4. Bg2 e6 5. 0-0 Be7 6. c4 0-0 7. Re1 c5 8. d5 exd5 9. Nh4 d6 10. Nc3 Nbd7 11. Nf5 Re8 12. cxd5 Bf8 13. e4 c4 14. Bf4 Nc5 15. Bg5 Nd3 16. Re2 a6 17. a4 Rc8 18. b3 Ne5 19. bxc4 Rxc4 20. Qb3 Qc7 21. Rc2 Rc8 22. Bd2 Qd8 23. Ne3 R4c5 24. Rb1 Ned7 25. Na2 Rxc2 26. Nxc2 Ba8 27. Be3 Nc5 28. Bxc5 bxc5 29. Ne3 Nd7 30. Nc4 Rb8 31. Qc2 Rxb1+ 32. Qxb1 Qc7 33. Nc3 g6 34. a5 Bg7 35. Na4 Bd4 36. Nab6 Bb7 37. Nxd7 Qxd7 38. Qb6 Qa4 39. Nxd6 Qd1+ 40. Bf1 Qd2 41. Qd8+ Kg7 42. Ne8+ Kf8 43. Nf6+ Kg7 44. Ne8+ Kf8 45. Nc7+ Kg7 46. Ne8+ 1/2-1/2

[Event "Titled Tuesday intern op 11th Mar Early"]
[Site "Chess.com INT"]
[Date "2025.03.11"]
[Round "8"]
[White "Srihari, LR."]
[Black "Tran, Vo Quoc Bao"]
[Result "1/2-1/2"]
[WhiteElo "2498"]
[BlackElo "2083"]
[PlyCount "236"]
[EventDate "2025.03.11"]
[EventType "swiss (blitz)"]
[EventRounds "11"]
[EventCountry "USA"]
[SourceTitle "CB12_2025"]
[SourceDate "2025.03.19"]
[SourceVersion "1"]
[SourceVersionDate "2025.03.19"]
[SourceQuality "1"]

1. d4 d5 2. c4 c6 3. Nf3 Nf6 4. Nbd2 Bg4 5. h3 Bh5 6. e3 e6 7. Be2 Nbd7 8. 0-0 Be7 9. b3 0-0 10. Bb2 a5 11. a3 Qb6 12. Re1 Rfe8 13. Qc2 Bg6 14. Bd3 c5 15. Bxg6 hxg6 16. cxd5 Nxd5 17. Nc4 Qa6 18. e4 N5f6 19. a4 cxd4 20. Bxd4 Rac8 21. Qe2 Nc5 22. Bxc5 Bxc5 23. Rac1 Red8 24. Red1 Qa7 25. Ne1 Nd7 26. Nd3 Be7 27. g3 Nc5 28. Nxc5 Bxc5 29. Kg2 Bd4 30. h4 e5 31. Rc2 Qa6 32. Rcd2 Re8 33. Qg4 Qc6 34. Qf3 b5 35. axb5 Qc5 36. Nxa5 Qxb5 37. Nc4 Re6 38. h5 Rb8 39. hxg6 Rxg6 40. Qh5 Rh6 41. Qf3 Qxb3 42. Qxb3 Rxb3 43. Rh1 Rf6 44. Nxe5 Rxf2+ 45. Rxf2 Bxe5 46. Rf3 Rb2+ 47. Kh3 Re2 48. Rc1 Rxe4 49. Rc8+ Kh7 50. Rxf7 Re3 51. Kg4 Rxg3+ 52. Kf5 Bf6 53. Rff8 Rg5+ 54. Kf4 Ra5 55. Rfe8 Kg6 56. Kf3 Ra3+ 57. Re3 Ra4 58. Rc2 Ra5 59. Re4 Ra3+ 60. Re3 Ra5 61. Rg2+ Kf5 62. Rb3 Rc5 63. Rd2 Ra5 64. Rd7 Rc5 65. Rdb7 Kg6 66. R7b5 Rc1 67. Kf4 Rf1+ 68. Rf3 Ra1 69. Rg3+ Kf7 70. Rb7+ Kg8 71. Kf5 Rh1 72. Kg6 Rh6+ 73. Kf5 Rh5+ 74. Ke4 Re5+ 75. Kf3 Ra5 76. Kg2 Kh7 77. Rh3+ Kg8 78. Rd3 Ra2+ 79. Kf3 Ra4 80. Rdb3 Kh7 81. R3b6 Kg6 82. Rb4 Ra3+ 83. Kg4 Ra5 84. R7b5 Ra1 85. Rb3 Rg1+ 86. Rg3 Ra1 87. Kf4+ Kf7 88. Rb7+ Kg8 89. Kf5 Rh1 90. Rbb3 Rh5+ 91. Kg6 Rh6+ 92. Kf5 Rh5+ 93. Ke6 Re5+ 94. Kd7 Re1 95. Rbe3 Ra1 96. Ke6 Ra5 97. Rd3 Re5+ 98. Kd6 Kf7 99. Rge3 Ra5 100. Kc6 g5 101. Rd7+ Kg6 102. Rd5 Ra6+ 103. Kd7 Rb6 104. Re6 Rb7+ 105. Ke8 Rb8+ 106. Kd7 Rb7+ 107. Ke8 Rb8+ 108. Kd7 g4 109. Rdd6 Rf8 110. Re4 Kf5 111. Re1 Rf7+ 112. Ke8 Kg6 113. Re4 g3 114. Rg4+ Kf5 115. Kxf7 Kxg4 116. Rxf6 g2 117. Rg6+ Kf3 118. Rxg2 Kxg2 1/2-1/2

[Event "Titled Tuesday intern op 11th Mar Early"]
[Site "Chess.com INT"]
[Date "2025.03.11"]
[Round "7"]
[White "Tran, Vo Quoc Bao"]
[Black "Pranav, Shetty"]
[Result "1-0"]
[WhiteElo "2083"]
[BlackElo "2144"]
[PlyCount "59"]
[EventDate "2025.03.11"]
[EventType "swiss (blitz)"]
[EventRounds "11"]
[EventCountry "USA"]
[SourceTitle "CB12_2025"]
[SourceDate "2025.03.19"]
[SourceVersion "1"]
[SourceVersionDate "2025.03.19"]
[SourceQuality "1"]

1. e4 c5 2. Nf3 d6 3. d4 cxd4 4. Nxd4 Nf6 5. Nc3 a6 6. f3 e5 7. Nb3 Be7 8. Be3 Be6 9. Qd2 0-0 10. 0-0-0 Nbd7 11. g4 b5 12. g5 b4 13. gxf6 bxc3 14. Qxc3 Nxf6 15. Na5 Qd7 16. Nc6 Rfc8 17. Nxe7+ Qxe7 18. Qa3 Rc6 19. Kb1 Qc7 20. Bd3 Nd7 21. Rhg1 Nb6 22. f4 f6 23. Rg2 Nc4 24. Bxc4 Rxc4 25. Rxd6 Bh3 26. Rg3 Rxc2 27. Rxh3 Re2 28. Qb3+ Kh8 29. Rd1 Rc8 30. fxe5 1-0

[Event "Titled Tuesday intern op 04th Mar Early"]
[Site "Chess.com INT"]
[Date "2025.03.04"]
[Round "6"]
[White "Tran, Vo Quoc Bao"]
[Black "Hernandez Izquierdo, Jose A"]
[Result "0-1"]
[WhiteElo "2083"]
[BlackElo "2223"]
[PlyCount "70"]
[EventDate "2025.03.04"]
[EventType "swiss (blitz)"]
[EventRounds "11"]
[EventCountry "USA"]
[SourceTitle "CB11_2025"]
[SourceDate "2025.03.12"]
[SourceVersion "1"]
[SourceVersionDate "2025.03.12"]
[SourceQuality "1"]

1. e4 c5 2. Nf3 e6 3. d4 cxd4 4. Nxd4 a6 5. c4 Nf6 6. Nc3 Qc7 7. a3 b6 8. Bd3 Bc5 9. Be3 Bb7 10. 0-0 0-0 11. b4 Be7 12. Rc1 d6 13. f4 Nbd7 14. f5 e5 15. Nd5 Qd8 16. Ne6 fxe6 17. fxe6 Nxd5 18. exd5 Rxf1+ 19. Qxf1 Nf6 20. Qf2 b5 21. Rd1 Rc8 22. cxb5 axb5 23. Bxb5 Bxd5 24. Bb6 Qf8 25. Bd7 Ra8 26. Qe3 Nxd7 27. exd7 Be6 28. Qe4 Bxd7 29. Qd5+ Kh8 30. Rf1 Bf6 31. Bc7 Rxa3 32. Bxd6 Qa8 33. Qf7 Bb5 34. Rxf6 Ra1+ 35. Kf2 Rf1+ 0-1

[Event "Titled Tuesday intern op 04th Mar Early"]
[Site "Chess.com INT"]
[Date "2025.03.04"]
[Round "1"]
[White "Tran, Vo Quoc Bao"]
[Black "Jayasundara, PK Udith Madusank"]
[Result "1-0"]
[WhiteElo "2083"]
[BlackElo "1874"]
[PlyCount "83"]
[EventDate "2025.03.04"]
[EventType "swiss (blitz)"]
[EventRounds "11"]
[EventCountry "USA"]
[SourceTitle "CB11_2025"]
[SourceDate "2025.03.12"]
[SourceVersion "1"]
[SourceVersionDate "2025.03.12"]
[SourceQuality "1"]

1. e4 c5 2. Nf3 d6 3. d4 cxd4 4. Nxd4 Nf6 5. Nc3 a6 6. f3 e5 7. Nb3 Be7 8. Be3 Be6 9. Qd2 h5 10. Nd5 Nxd5 11. exd5 Bf5 12. Be2 Nd7 13. Na5 Qc7 14. c4 b6 15. Nc6 Bf6 16. 0-0 Nb8 17. Nxb8 Rxb8 18. b4 a5 19. c5 axb4 20. Bb5+ Ke7 21. c6 Rhe8 22. Qxb4 Kf8 23. Rae1 Kg8 24. a4 Qa7 25. Qxd6 Red8 26. Qb4 Rxd5 27. Rc1 Be7 28. Qc4 Rd6 29. c7 Rc8 30. Kh1 Be6 31. Qc3 Bd7 32. Qxe5 Bxb5 33. Qxe7 Rd7 34. Qb4 Bxa4 35. Bxb6 Qa6 36. Ra1 Qb5 37. Qxa4 Qxb6 38. Qxd7 Rxc7 39. Ra8+ Kh7 40. Qf5+ g6 41. Qe5 f6 42. Qe8 1-0

[Event "Titled Tuesday intern op 25th Feb Early"]
[Site "Chess.com INT"]
[Date "2025.02.25"]
[Round "7"]
[White "Koepke, Christian"]
[Black "Tran, Vo Quoc Bao"]
[Result "0-1"]
[WhiteElo "2307"]
[BlackElo "2062"]
[PlyCount "150"]
[EventDate "2025.02.25"]
[EventType "swiss (blitz)"]
[EventRounds "11"]
[EventCountry "USA"]
[SourceTitle "CB10_2025"]
[SourceDate "2025.03.05"]
[SourceVersion "1"]
[SourceVersionDate "2025.03.05"]
[SourceQuality "1"]

1. e4 c5 2. Nf3 d6 3. Bb5+ Bd7 4. Bxd7+ Qxd7 5. 0-0 Nc6 6. c3 Nf6 7. Re1 e6 8. d4 cxd4 9. cxd4 d5 10. e5 Ne4 11. Nbd2 Nxd2 12. Bxd2 Be7 13. Rc1 0-0 14. a3 Rfc8 15. Rc3 a6 16. h4 Na7 17. Rd3 Qc6 18. Bc3 Nb5 19. Ng5 Bxg5 20. hxg5 Nxc3 21. bxc3 Qe8 22. Qg4 Rc4 23. Ree3 g6 24. Rh3 Qf8 25. Rdf3 Qg7 26. Rh6 Rac8 27. Qh3 b5 28. Rh4 a5 29. Rhf4 R8c7 30. Rd3 b4 31. axb4 axb4 32. cxb4 Rxb4 33. Ra3 Rb1+ 34. Kh2 Rb8 35. Rff3 Qf8 36. Qh4 Rcb7 37. Rh3 Qg7 38. Rhc3 Qf8 39. Rc5 Qg7 40. Rac3 Qf8 41. Qf4 Qd8 42. Qf6 Qxf6 43. exf6 h6 44. gxh6 Kh7 45. Rh3 Rb2 46. Rc7 Rf8 47. Re3 Kxh6 48. Kg3 Kg5 49. Rf3 Rd2 50. Rf4 Rd3+ 51. f3 Rd1 52. Rc2 Rb8 53. Rc7 Rf8 54. Rc2 Rd3 55. Rc7 Rb3 56. Rd7 Rb4 57. Rc7 Rc4 58. Rd7 Kh6 59. Re7 g5 60. Rg4 Kg6 61. f4 Rxd4 62. Rxg5+ Kxf6 63. Rd7 Rd3+ 64. Kg4 Rd2 65. g3 Rd3 66. Kh3 Rh8+ 67. Kg2 Ra8 68. Kh3 Raa3 69. Rc7 Re3 70. Rc8 Rec3 71. Rh8 Rc1 72. Rh6+ Ke7 73. Kg4 Rg1 74. Kh5 Rh1+ 75. Kg4 Rxh6 0-1

[Event "Titled Tuesday intern op 25th Feb Early"]
[Site "Chess.com INT"]
[Date "2025.02.25"]
[Round "8"]
[White "Tran, Vo Quoc Bao"]
[Black "Paulsen, Dirk"]
[Result "1-0"]
[WhiteElo "2062"]
[BlackElo "2316"]
[PlyCount "123"]
[EventDate "2025.02.25"]
[EventType "swiss (blitz)"]
[EventRounds "11"]
[EventCountry "USA"]
[SourceTitle "CB10_2025"]
[SourceDate "2025.03.05"]
[SourceVersion "1"]
[SourceVersionDate "2025.03.05"]
[SourceQuality "1"]

1. e4 g6 2. Nf3 Nf6 3. e5 Nh5 4. d4 d6 5. Bc4 Nc6 6. exd6 cxd6 7. 0-0 d5 8. Bb5 Bg7 9. c3 0-0 10. Re1 Bg4 11. h3 Bxf3 12. Qxf3 e6 13. Nd2 Nf6 14. Nb3 Rc8 15. Bg5 h6 16. Bh4 g5 17. Bg3 Ne4 18. Rxe4 dxe4 19. Qxe4 Qd5 20. Qe2 a6 21. Bc4 Nxd4 22. Nxd4 Qxc4 23. Qxc4 Rxc4 24. Nb3 Rcc8 25. Kf1 b6 26. Ke2 Rfd8 27. f3 f5 28. Bf2 b5 29. a4 bxa4 30. Nc5 Rc6 31. Rxa4 Rb8 32. Ra2 a5 33. Nd3 Rb5 34. g4 Kf7 35. Be3 f4 36. Bc1 e5 37. Nf2 h5 38. Ne4 hxg4 39. hxg4 Bf6 40. Kd3 Rd5+ 41. Kc2 Rc7 42. Bd2 Rcd7 43. c4 Rd3 44. Rxa5 Rxf3 45. Ra6 Be7 46. Bc3 Re3 47. Nd2 e4 48. Ra5 f3 49. Rf5+ Kg6 50. Nb3 Re2+ 51. Kb1 f2 52. Ka2 e3 53. Nd4 Re1 54. Nf3 Ra7+ 55. Kb3 f1Q 56. Nxe1 Qe2 57. Rb5 Qd1+ 58. Nc2 e2 59. Be1 Rd7 60. Bc3 Rd3 61. Re5 Bf6 62. Re6 1-0

[Event "Titled Tuesday intern op 25th Feb Early"]
[Site "Chess.com INT"]
[Date "2025.02.25"]
[Round "5"]
[White "Vijayakumar, Rishi"]
[Black "Tran, Vo Quoc Bao"]
[Result "1-0"]
[WhiteElo "2311"]
[BlackElo "2062"]
[PlyCount "51"]
[EventDate "2025.02.25"]
[EventType "swiss (blitz)"]
[EventRounds "11"]
[EventCountry "USA"]
[SourceTitle "CB10_2025"]
[SourceDate "2025.03.05"]
[SourceVersion "1"]
[SourceVersionDate "2025.03.05"]
[SourceQuality "1"]

1. d4 Nf6 2. c4 c6 3. Nc3 d5 4. cxd5 cxd5 5. f3 Nc6 6. e4 e6 7. e5 Nd7 8. f4 Be7 9. Nf3 a6 10. Bd3 b5 11. f5 Qb6 12. fxe6 fxe6 13. Be3 Ncxe5 14. Nxe5 Nxe5 15. Qh5+ Nf7 16. Bxh7 Bd7 17. 0-0 Bf6 18. Rae1 Qd6 19. Bf4 Qb4 20. Nxd5 Qxd4+ 21. Kh1 Kf8 22. Bd6+ Nxd6 23. Rxf6+ gxf6 24. Qh6+ Kf7 25. Bg6+ Kg8 26. Ne7# 1-0

[Event "Titled Tuesday intern op 11th Feb Early"]
[Site "Chess.com INT"]
[Date "2025.02.11"]
[Round "8"]
[White "Donchenko, Alexander"]
[Black "Tran, Vo Quoc Bao"]
[Result "0-1"]
[WhiteElo "2632"]
[BlackElo "2062"]
[PlyCount "186"]
[EventDate "2025.02.11"]
[EventType "swiss (blitz)"]
[EventRounds "11"]
[EventCountry "USA"]
[SourceTitle "CB08_2025"]
[SourceDate "2025.02.19"]
[SourceVersion "1"]
[SourceVersionDate "2025.02.19"]
[SourceQuality "1"]

1. Nf3 d5 2. e3 Nf6 3. c4 c6 4. Nc3 Bg4 5. cxd5 Bxf3 6. Qxf3 cxd5 7. d4 Nc6 8. Bd3 e6 9. 0-0 Be7 10. Bd2 0-0 11. Rac1 Rc8 12. Rfd1 Na5 13. Be1 Nc4 14. Qe2 a6 15. b3 Nd6 16. Na4 b5 17. Nc5 Qb6 18. f3 Nb7 19. b4 Nd6 20. e4 Nc4 21. e5 Ne8 22. f4 Qd8 23. Nxa6 Ra8 24. Nc5 Nc7 25. Rc3 Ra7 26. Qh5 g6 27. Qh6 Ne3 28. Bb1 Ng4 29. Qh3 h5 30. Qf3 Na6 31. h3 Nh6 32. g4 hxg4 33. hxg4 Nxb4 34. Qh3 Kg7 35. g5 Rh8 36. gxh6+ Rxh6 37. Qg2 Bxc5 38. Rxc5 Ra3 39. Rc3 Rxc3 40. Bxc3 Nc6 41. Rd3 Qh4 42. Rf3 b4 43. Bb2 Qe1+ 44. Qf1 Qh4 45. Qg2 Qe1+ 46. Rf1 Qe3+ 47. Qf2 Qh3 48. Qg2 Qe3+ 49. Rf2 Qe1+ 50. Qf1 Qe3 51. Qd3 Qe1+ 52. Rf1 Qh4 53. Qe2 Qh1+ 54. Kf2 Rh2+ 55. Kg3 Rh3+ 56. Kf2 Rh2+ 57. Kg3 Rxe2 58. Rxh1 Rxb2 59. Bd3 Rxa2 60. Rb1 Ra3 61. Rd1 Nxd4 62. Kf2 b3 63. Rb1 Ra4 64. Ke3 Nf5+ 65. Bxf5 gxf5 66. Rxb3 Re4+ 67. Kf3 Rc4 68. Rb8 Rc3+ 69. Ke2 Rh3 70. Rd8 Kg6 71. Rg8+ Kh7 72. Rf8 Kg7 73. Rd8 Rh6 74. Kf2 f6 75. Rd7+ Kf8 76. exf6 Rxf6 77. Ke3 Ke8 78. Rh7 Rg6 79. Kd4 Rg3 80. Ke5 Re3+ 81. Kd6 Kf8 82. Rd7 Re4 83. Rd8+ Kf7 84. Rd7+ Kf6 85. Rd8 Rxf4 86. Rf8+ Kg7 87. Re8 Re4 88. Re7+ Kf6 89. Rh7 d4 90. Rh8 d3 91. Kc5 d2 92. Rd8 Re5+ 93. Kc4 Rd5 0-1

[Event "Titled Tuesday intern op 11th Feb Early"]
[Site "Chess.com INT"]
[Date "2025.02.11"]
[Round "3"]
[White "Tran, Vo Quoc Bao"]
[Black "Materia, Marco"]
[Result "1-0"]
[WhiteElo "2062"]
[BlackElo "2486"]
[PlyCount "107"]
[EventDate "2025.02.11"]
[EventType "swiss (blitz)"]
[EventRounds "11"]
[EventCountry "USA"]
[SourceTitle "CB08_2025"]
[SourceDate "2025.02.19"]
[SourceVersion "1"]
[SourceVersionDate "2025.02.19"]
[SourceQuality "1"]

1. e4 d6 2. d4 g6 3. Nc3 Bg7 4. Bf4 Nc6 5. Nge2 e5 6. dxe5 Nxe5 7. Nd4 Nf6 8. f3 0-0 9. Qd2 c6 10. Be2 Re8 11. 0-0-0 d5 12. exd5 Nxd5 13. Nxd5 Qxd5 14. Nb3 Qxd2+ 15. Rxd2 b6 16. Rhd1 Be6 17. Nd4 Bd5 18. Kb1 Re7 19. Bf1 Rae8 20. b3 Nd7 21. c4 Bxd4 22. Rxd4 Be6 23. g4 f5 24. g5 Nf8 25. h4 c5 26. R4d2 Bc8 27. Kc1 Bb7 28. Bg2 Re2 29. Rxe2 Rxe2 30. Rd2 Re1+ 31. Rd1 Rxd1+ 32. Kxd1 Kf7 33. Kd2 Ke7 34. Be5 Kd7 35. Ke3 Ne6 36. Bf1 a6 37. Bd3 Bc6 38. f4 b5 39. h5 b4 40. h6 Nd8 41. Bg7 a5 42. Bf8 Nb7 43. Bxf5+ Ke8 44. Bxg6+ Kxf8 45. Bxh7 Nd6 46. Bd3 a4 47. f5 axb3 48. axb3 Nf7 49. Kf4 Bg2 50. h7 Kg7 51. f6+ Kh8 52. g6 Be4 53. Bxe4 Nd6 54. g7# 1-0